000 007720000a22002770004500
440 _aSeries II Adams family correspondence
505 _av.3, April 1778- September 1780- v.4, October 1780 - September 1782
650 _aHistory
650 _aLiterary history
650 _aLetter writing
650 _aDiplomacy
650 _aWar
651 _aUnited States
650 _aAdams, John, 1797-1801
082 _a973.44
_bAd17
_cAS
518 _a20001218
530 _aM
100 _aButterfield, L. M. ed.
100 _aFriedlaender, Macro, ed.
245 _aAdams family correspondence
260 _aCambridge
_bThe Belknap Press of Harvard University Press, Great Britain
260 _c1973
041 _aEng
300 _aLvii, v.p.
942 _cGEN
999 _c23019
_d23019